000 00369nam a2200133Ia 4500
001 2416
008 241024s9999 xx 000 0 und d
082 _aRD/370.97293/ID19p
100 _aIDEICE
245 0 _aPerspectiva Institucional. Programa de Evolución e Investigación Educativa
260 _bSanto Domingo
_c2010
901 _a28/8/2012 3:09:08 p.m.
999 _c9148
_d9148